| 000 | 00727nam a2200229 a 4500 | ||
|---|---|---|---|
| 999 |
_c857 _d857 |
||
| 001 | 857 | ||
| 003 | BD-JhCC | ||
| 005 | 20171010193711.0 | ||
| 008 | 171010s1377 bg |||| |||| 000 0 ben d | ||
| 020 | _a9844012783 | ||
| 035 | _a(BD-JhCC)857 | ||
| 040 |
_aBD-JhCC _dBD-JhCC |
||
| 041 | _aben | ||
| 082 |
_a891.443 _bCHO 1377 |
||
| 100 | _aচৌধুরী, মতিয়া | ||
| 245 |
_aদেয়াল দিয়ে ঘেরা / _cমতিয়া চৌধুরী |
||
| 260 |
_aঢাকা; _bআগামী প্রকাশনী, _c১৩৭৭ |
||
| 300 |
_a১২৭ পৃ.; _c২২ সে.মি. |
||
| 650 | _aBengali Novel | ||
| 942 |
_2ddc _cBK |
||